| 000 | 00467nam a22001457a 4500 | ||
|---|---|---|---|
| 008 | 230619b xxu||||| |||| 00| 0 eng d | ||
| 082 |
_a304.67 _bMOFEP |
||
| 100 | _cMinistry of Finance and Economic planning | ||
| 110 |
_bEconomics and ststistics division _dOctober 1966 |
||
| 245 |
_aKenya Population Census 1962 _bAdvance Report of Volumes 3 |
||
| 260 |
_aKenya _bMinistry of finance and Economic Planning |
||
| 300 | _a119p | ||
| 440 | _vVolume 3 | ||
| 942 |
_2ddc _cBK |
||
| 999 |
_c1323 _d1323 |
||